[Event "Gibraltar Masters 13th"]
[Site "Caleta"]
[Date "2015.02.03"]
[Round "8"]
[White "Veltkamp, Gerben"]
[Black "Klug, Christian"]
[Result "0-1"]
[WhiteElo "2175"]
[BlackElo "1884"]
[PlyCount "92"]
[EventDate "2015.01.27"]
[EventType "swiss"]
[EventRounds "10"]
[EventCountry "GGB"]
[SourceTitle "CBM 165"]
[Source "ChessBase"]
[SourceDate "2015.03.11"]
[SourceVersion "1"]
[SourceVersionDate "2015.03.11"]
[SourceQuality "1"]

1. e4 e6 2. d4 d5 3. Nd2 dxe4 4. Nxe4 Bd7 5. Nf3 Bc6 6. Bd3 Nd7 7. 0-0 Ngf6 8. Ng3 Be7 9. c4 b6 10. Bd2 Bxf3 11. Qxf3 c5 12. Bc3 cxd4 13. Bxd4 0-0 14. Rfd1 Qc7 15. Rac1 Rac8 16. Nh5 Ne5 17. Qh3 Nxd3 18. Rxd3 e5 19. Rg3 Nxh5 20. Qxh5 exd4 21. Rh3 h6 22. Re1 f5 23. Rf3 Bb4 24. Rd1 Qf7 25. Qxf7+ Rxf7 26. Rxd4 Re8 27. g3 g5 28. a3 Bc5 29. Rd5 a5 30. b4 axb4 31. axb4 Bxb4 32. Rdxf5 Rxf5 33. Rxf5 Rf8 34. Re5 Bc5 35. Re2 g4 36. Kf1 Kg7 37. Kg2 Kg6 38. Kf1 Rf7 39. Kg2 Re7 40. Rc2 Re1 41. h3 h5 42. Kh2 Kf5 43. Rd2 Re4 44. Rc2 Ke5 45. Kg2 Kd4 46. f3 Kd3 0-1

[Event "Eschborn op 11th"]
[Site "Eschborn"]
[Date "2014.09.05"]
[Round "1"]
[White "Klug, Christian"]
[Black "Chambers, Dominik Keith"]
[Result "1-0"]
[WhiteElo "1850"]
[BlackElo "1239"]
[PlyCount "55"]
[EventDate "2014.09.05"]
[EventType "swiss"]
[EventRounds "5"]
[EventCountry "GER"]
[SourceTitle "EXT 2015"]
[Source "ChessBase"]
[SourceDate "2014.11.20"]
[SourceVersion "1"]
[SourceVersionDate "2014.11.20"]
[SourceQuality "1"]

1. e4 d6 2. g3 g6 3. Bg2 Bg7 4. Ne2 Nf6 5. 0-0 e5 6. d3 Nc6 7. Nbc3 Be6 8. f4 Qc8 9. Be3 Bh3 10. Qd2 Bxg2 11. Kxg2 Ng4 12. Bg1 f5 13. Rae1 Qd7 14. d4 0-0-0 15. b3 h5 16. dxe5 fxe4 17. Nxe4 Qf5 18. Nd4 Nxd4 19. Qxd4 b6 20. Qa4 Kb8 21. exd6 cxd6 22. Qc6 Qc8 23. Qxc8+ Rxc8 24. c4 Rhe8 25. Nxd6 Rxe1 26. Rxe1 Rd8 27. Re8 Rxe8 28. Nxe8 1-0

[Event "Zweibruecken PSB-ch op 82nd"]
[Site "Zweibruecken"]
[Date "2013.03.24"]
[Round "5"]
[White "Klug, Christian"]
[Black "Ortinau, Peter"]
[Result "1/2-1/2"]
[WhiteElo "1887"]
[BlackElo "2070"]
[PlyCount "38"]
[EventDate "2013.??.??"]
[EventType "swiss"]
[EventRounds "5"]
[EventCountry "GER"]
[SourceTitle "EXT 2014"]
[Source "ChessBase"]
[SourceDate "2013.11.20"]
[SourceVersion "1"]
[SourceVersionDate "2013.11.20"]
[SourceQuality "1"]

1. e4 e5 2. Nf3 Nc6 3. Bb5 a6 4. Bxc6 dxc6 5. 0-0 f6 6. d4 Bg4 7. c3 Bd6 8. Be3 Qe7 9. Nbd2 0-0-0 10. Qc2 exd4 11. Nxd4 c5 12. Nf5 Bxf5 13. exf5 Qd7 14. Ne4 Ne7 15. Bxc5 Bxc5 16. Nxc5 Qxf5 17. Qxf5+ Nxf5 18. Rad1 a5 19. Rfe1 b6 1/2-1/2

[Event "Reykjavik op"]
[Site "Reykjavik"]
[Date "2013.02.26"]
[Round "9"]
[White "Stefansson, Vignir Vatnar"]
[Black "Klug, Christian"]
[Result "1/2-1/2"]
[WhiteElo "1652"]
[BlackElo "1894"]
[PlyCount "106"]
[EventDate "2013.02.19"]
[EventType "swiss"]
[EventRounds "10"]
[EventCountry "ISL"]
[SourceTitle "CBM 153 Extra"]
[Source "ChessBase"]
[SourceDate "2013.04.22"]
[SourceVersion "1"]
[SourceVersionDate "2013.04.22"]
[SourceQuality "1"]

1. d4 Nf6 2. c4 g6 3. Nc3 d5 4. cxd5 Nxd5 5. Na4 Bg7 6. e4 Nb6 7. Be3 0-0 8. Rc1 N8d7 9. Nf3 c6 10. Bd3 e5 11. 0-0 Nxa4 12. Qxa4 Nb6 13. Qb4 exd4 14. Bxd4 Bxd4 15. Nxd4 Re8 16. Rfd1 Qe7 17. Qxe7 Rxe7 18. f3 Bd7 19. Bb1 Rd8 20. Nb3 Ree8 21. Nc5 Bc8 22. Kf2 Kf8 23. a3 Ke7 24. Ba2 h6 25. b4 Nd7 26. Nxd7 Rxd7 27. Rxd7+ Bxd7 28. Rd1 Be6 29. Bxe6 Kxe6 30. f4 Rc8 31. Kf3 c5 32. bxc5 Rxc5 33. Rd3 b5 34. g4 a5 35. Rb3 a4 36. Rd3 Rc4 37. e5 b4 38. axb4 Rxb4 39. Rd6+ Ke7 40. Ra6 Rb3+ 41. Ke4 a3 42. Ra7+ Ke8 43. Ra8+ Kd7 44. Ra7+ Kc8 45. f5 Rb4+ 46. Kd5 Rxg4 47. e6 fxe6+ 48. fxe6 Kd8 49. Rxa3 Rg2 50. Ra8+ Ke7 51. Ra7+ Ke8 52. Ra8+ Ke7 53. Ra7+ Ke8 1/2-1/2

[Event "Reykjavik op"]
[Site "Reykjavik"]
[Date "2013.02.25"]
[Round "8"]
[White "Klug, Christian"]
[Black "Murray, Michael A"]
[Result "0-1"]
[WhiteElo "1894"]
[BlackElo "2017"]
[PlyCount "40"]
[EventDate "2013.02.19"]
[EventType "swiss"]
[EventRounds "10"]
[EventCountry "ISL"]
[SourceTitle "CBM 153 Extra"]
[Source "ChessBase"]
[SourceDate "2013.04.22"]
[SourceVersion "1"]
[SourceVersionDate "2013.04.22"]
[SourceQuality "1"]

1. e4 Nc6 2. Nc3 e6 3. d4 d5 4. exd5 exd5 5. Nf3 Bb4 6. Be2 Nf6 7. 0-0 Ne4 8. Nxe4 dxe4 9. Ng5 Bf5 10. Bc4 0-0 11. c3 Be7 12. Nh3 Qd7 13. Nf4 Bg4 14. Be2 Bf5 15. Bc4 Rae8 16. f3 exf3 17. Qxf3 Nxd4 18. Bxf7+ Rxf7 19. cxd4 Qxd4+ 20. Be3 Qxb2 0-1

[Event "SCO-ch 119th"]
[Site "Glasgow"]
[Date "2012.07.09"]
[Round "3"]
[White "Klug, Christian"]
[Black "McKay, Roderick M"]
[Result "0-1"]
[WhiteElo "1894"]
[BlackElo "2376"]
[PlyCount "50"]
[EventDate "2012.07.07"]
[EventType "swiss"]
[EventRounds "9"]
[EventCountry "SCO"]
[SourceTitle "CBM 149 Extra"]
[Source "ChessBase"]
[SourceDate "2012.08.24"]
[SourceVersion "1"]
[SourceVersionDate "2012.08.24"]
[SourceQuality "1"]

1. f4 d5 2. Nf3 g6 3. e3 Bg7 4. d4 Nf6 5. c3 0-0 6. Bd3 b6 7. Qe2 Bb7 8. 0-0 e6 9. Nbd2 c5 10. b3 a5 11. Bb2 a4 12. Ba3 Qc7 13. Rfc1 Rc8 14. Ne5 Nbd7 15. Ndf3 Ne4 16. g4 Nxe5 17. Nxe5 axb3 18. axb3 cxd4 19. Bxe4 dxe4 20. exd4 f6 21. Nc4 f5 22. Ne5 Bxe5 23. fxe5 f4 24. g5 e3 25. Qg4 Qd8 0-1

[Event "Eschborn op 09th"]
[Site "Eschborn"]
[Date "2012.06.03"]
[Round "5"]
[White "Klug, Christian"]
[Black "Schellen, Sven"]
[Result "1-0"]
[WhiteElo "1887"]
[BlackElo "1770"]
[PlyCount "143"]
[EventDate "2012.06.01"]
[EventType "swiss"]
[EventRounds "5"]
[EventCountry "GER"]
[SourceTitle "EXT 2014"]
[Source "ChessBase"]
[SourceDate "2013.11.20"]
[SourceVersion "1"]
[SourceVersionDate "2013.11.20"]
[SourceQuality "1"]

1. Nf3 d6 2. g3 Nf6 3. Bg2 g6 4. 0-0 Bg7 5. d3 c5 6. c4 Nc6 7. Nc3 0-0 8. Rb1 Bd7 9. h3 Rb8 10. Bd2 a6 11. a4 Ne8 12. Qe1 Nc7 13. Bh6 b5 14. Bxg7 Kxg7 15. axb5 axb5 16. b3 f6 17. e3 bxc4 18. bxc4 Nb4 19. Qd2 Bf5 20. e4 Bd7 21. Rb2 Ne6 22. Rfb1 Qc7 23. Nd5 Nxd5 24. exd5 Nd4 25. Nxd4 cxd4 26. Kh2 Rxb2 27. Qxb2 Qa7 28. Ra1 Qc5 29. Qb7 Qc8 30. Ra7 Qxb7 31. Rxb7 Rd8 32. Bf3 Kf7 33. Bd1 Bf5 34. Bc2 Ra8 35. g4 Bc8 36. Rb2 g5 37. Kg2 h5 38. f3 f5 39. Bd1 Ra3 40. Be2 Bd7 41. Kf2 h4 42. Rb7 Be8 43. Kf1 Ra1+ 44. Kf2 Ra2 45. Kf1 Ra1+ 46. Kf2 Rh1 47. Kg2 Rc1 48. Ra7 Rc2 49. Kf1 Kf6 50. Ra1 Ke5 51. Ra7 e6 52. dxe6 Kxe6 53. Rg7 Kf6 54. Rg8 Bf7 55. Rd8 Ke5 56. Rf8 Be6 57. Re8 Ra2 58. f4+ gxf4 59. gxf5 f3 60. Bxf3 Kf4 61. fxe6 Kxf3 62. Rf8+ Ke3 63. e7 Ra1+ 64. Kg2 Ra2+ 65. Kg1 Ra1+ 66. Rf1 Ra8 67. e8Q+ Rxe8 68. Re1+ Kxd3 69. Rxe8 Kd2 70. Rd8 d3 71. Rxd6 Ke2 72. c5 1-0

[Event "Eschborn op 09th"]
[Site "Eschborn"]
[Date "2012.06.03"]
[Round "4"]
[White "Zimmermann, Hendrik"]
[Black "Klug, Christian"]
[Result "1-0"]
[WhiteElo "2089"]
[BlackElo "1887"]
[PlyCount "25"]
[EventDate "2012.06.01"]
[EventType "swiss"]
[EventRounds "5"]
[EventCountry "GER"]
[SourceTitle "EXT 2014"]
[Source "ChessBase"]
[SourceDate "2013.11.20"]
[SourceVersion "1"]
[SourceVersionDate "2013.11.20"]
[SourceQuality "1"]

1. c4 f5 2. g3 Nf6 3. Bg2 g6 4. Nf3 Bg7 5. 0-0 0-0 6. Nc3 d6 7. d4 Qe8 8. Re1 Qf7 9. e4 Nxe4 10. Nxe4 fxe4 11. Rxe4 Nc6 12. Qe2 h6 13. d5 1-0

[Event "Eschborn op 09th"]
[Site "Eschborn"]
[Date "2012.06.01"]
[Round "1"]
[White "Klug, Christian"]
[Black "Droeser, Wolfgang"]
[Result "1/2-1/2"]
[WhiteElo "1887"]
[BlackElo "1253"]
[PlyCount "121"]
[EventDate "2012.06.01"]
[EventType "swiss"]
[EventRounds "5"]
[EventCountry "GER"]
[SourceTitle "EXT 2014"]
[Source "ChessBase"]
[SourceDate "2013.11.20"]
[SourceVersion "1"]
[SourceVersionDate "2013.11.20"]
[SourceQuality "1"]

1. Nf3 d6 2. g3 g6 3. Bg2 Bg7 4. 0-0 Nf6 5. d3 e5 6. c4 c6 7. Nc3 Qc7 8. Rb1 Nbd7 9. Re1 0-0 10. b4 a6 11. Bd2 Kh8 12. Qc1 Ng8 13. e4 f5 14. Be3 Ndf6 15. Qc2 Nh5 16. d4 f4 17. gxf4 Nxf4 18. dxe5 dxe5 19. Ne2 Nh3+ 20. Kh1 Bg4 21. Neg1 Nxg1 22. Nxg1 Rf6 23. Bg5 Rf7 24. f3 Be6 25. Red1 Nf6 26. c5 Nh5 27. Rd6 Re8 28. Rbd1 Nf6 29. Ne2 Rd7 30. a3 h6 31. Be3 Bf8 32. Rxd7 Bxd7 33. Ng3 g5 34. h3 Qc8 35. Kh2 g4 36. Nf5 Bxf5 37. exf5 gxh3 38. Bxh3 Qc7 39. Qd2 Kh7 40. Bf2 e4+ 41. Bg3 Qg7 42. fxe4 Rxe4 43. Bd6 Bxd6+ 44. cxd6 Ng4+ 45. Kh1 Qd7 46. Qg2 Qxf5 47. Rf1 Nf2+ 48. Rxf2 Re1+ 49. Rf1 Rxf1+ 50. Qxf1 Qd5+ 51. Qg2 Qxd6 52. Qe4+ Kg7 53. Qg4+ Kf8 54. Qf5+ Ke7 55. Qh7+ Kd8 56. Qg8+ Kc7 57. Qg7+ Kb6 58. Qg1+ Kc7 59. Qg7+ Kb6 60. Qg1+ Kc7 61. Qg7+ 1/2-1/2

[Event "Eschborn op 08th"]
[Site "Eschborn"]
[Date "2011.05.18"]
[Round "5"]
[White "Sievers, Andy"]
[Black "Klug, Christian"]
[Result "1/2-1/2"]
[WhiteElo "2051"]
[BlackElo "1865"]
[PlyCount "79"]
[EventDate "2011.05.13"]
[EventType "swiss"]
[EventRounds "5"]
[EventCountry "GER"]
[SourceTitle "EXT 2014"]
[Source "ChessBase"]
[SourceDate "2013.11.20"]
[SourceVersion "1"]
[SourceVersionDate "2013.11.20"]
[SourceQuality "1"]

1. Nf3 f5 2. g3 Nf6 3. c4 g6 4. Bg2 Bg7 5. 0-0 0-0 6. d3 d6 7. Nc3 Nbd7 8. Ng5 Ne5 9. f4 Nf7 10. Nf3 Rb8 11. e4 fxe4 12. dxe4 e5 13. Be3 Ng4 14. Bd2 exf4 15. gxf4 Be6 16. Qe2 Nf6 17. h3 Nh5 18. Kh2 Bd7 19. Rad1 Bh6 20. Nd4 Qh4 21. Qf2 Qxf2 22. Rxf2 Ne5 23. fxe5 Rxf2 24. Bxh6 dxe5 25. Nde2 Be6 26. Be3 Rf7 27. b3 b6 28. Nd5 Rd7 29. Nec3 a5 30. Bf3 c6 31. Nxb6 Rxd1 32. Bxd1 Nf4 33. h4 Rd8 34. Bc2 Nd3 35. Kg3 Ne1 36. Bb1 Rf8 37. Nd1 Rf3+ 38. Kh2 Rh3+ 39. Kg1 Bg4 40. Kf2 1/2-1/2

[Event "Eschborn op 08th"]
[Site "Eschborn"]
[Date "2011.05.13"]
[Round "1"]
[White "Klug, Christian"]
[Black "Feldtmann, Thomas"]
[Result "0-1"]
[WhiteElo "1865"]
[BlackElo "2265"]
[PlyCount "68"]
[EventDate "2011.05.13"]
[EventType "swiss"]
[EventRounds "5"]
[EventCountry "GER"]
[SourceTitle "EXT 2014"]
[Source "ChessBase"]
[SourceDate "2013.11.20"]
[SourceVersion "1"]
[SourceVersionDate "2013.11.20"]
[SourceQuality "1"]

1. d4 Nf6 2. g3 d5 3. Bg2 c6 4. Nf3 Bf5 5. c4 e6 6. 0-0 Nbd7 7. Nc3 dxc4 8. Nh4 Bg4 9. Qc2 Nb6 10. f3 Bh5 11. Rd1 Nfd5 12. Bf1 Be7 13. Ng2 f5 14. Nf4 Nxf4 15. gxf4 Bd6 16. Kg2 Qh4 17. e3 g5 18. Qf2 Qxf2+ 19. Kxf2 gxf4 20. e4 fxe4 21. Nxe4 Be7 22. Nc5 e5 23. Nxb7 Rb8 24. Na5 Bh4+ 25. Ke2 e4 26. Bxf4 Rc8 27. Kd2 0-0 28. Be3 exf3 29. Nxc4 Nd5 30. Bd3 f2 31. Rf1 Nxe3 32. Nxe3 Bg5 33. Bc4+ Kh8 34. Rac1 Rce8 0-1

[Event "GER HS-091 email"]
[Site "GER email"]
[Date "2011.01.16"]
[Round "?"]
[White "Herzog, Klaus"]
[Black "Klug, Christian"]
[Result "1/2-1/2"]
[WhiteElo "1839"]
[BlackElo "1759"]
[PlyCount "50"]
[EventDate "2011.01.19"]
[EventType "tourn (corr)"]
[EventRounds "6"]
[EventCountry "GER"]
[SourceTitle "Corr 2015"]
[Source "ChessBase"]
[SourceDate "2015.07.17"]
[SourceVersion "1"]
[SourceVersionDate "2015.07.17"]
[SourceQuality "1"]
[WhiteTeam "Germany"]
[BlackTeam "Latvia"]
[WhiteTeamCountry "GER"]
[BlackTeamCountry "LAT"]

1. d4 Nf6 2. c4 e6 3. Nc3 Bb4 4. f3 d5 5. a3 Bxc3+ 6. bxc3 c5 7. cxd5 Nxd5 8. dxc5 f5 9. Nh3 0-0 10. c4 Qh4+ 11. Nf2 Nc7 12. Qd6 Nca6 13. Bb2 Nc6 14. Qg3 Qe7 15. Qd6 Qh4 16. Qg3 Qe7 17. Qd6 Nxc5 18. Qxe7 Nxe7 19. 0-0-0 Bd7 20. Nd3 Nb3+ 21. Kb1 Rfd8 22. Bc3 Ba4 23. Nb2 Rxd1+ 24. Nxd1 Rd8 25. Nb2 Bc6 1/2-1/2

[Event "GER HS-091 email"]
[Site "GER email"]
[Date "2011.01.16"]
[Round "?"]
[White "Klug, Christian"]
[Black "Emrich, Eiko"]
[Result "1/2-1/2"]
[WhiteElo "1759"]
[BlackElo "2005"]
[PlyCount "50"]
[EventDate "2011.01.19"]
[EventType "tourn (corr)"]
[EventRounds "6"]
[EventCountry "GER"]
[SourceTitle "Corr 2015"]
[Source "ChessBase"]
[SourceDate "2015.07.17"]
[SourceVersion "1"]
[SourceVersionDate "2015.07.17"]
[SourceQuality "1"]
[WhiteTeam "Germany"]
[BlackTeam "Latvia"]
[WhiteTeamCountry "GER"]
[BlackTeamCountry "LAT"]

1. d4 d5 2. c4 e6 3. Nf3 Nf6 4. g3 dxc4 5. Bg2 Nc6 6. Qa4 Bb4+ 7. Bd2 Nd5 8. Bxb4 Ndxb4 9. 0-0 Rb8 10. Na3 a6 11. Ne5 0-0 12. Nxc6 Nxc6 13. Bxc6 bxc6 14. Nxc4 Qxd4 15. Rfd1 Qg4 16. Rd2 Rb5 17. Rad1 e5 18. b3 h6 19. Qa3 Re8 20. Rd8 Qe6 21. Ne3 e4 22. h4 a5 23. Qc1 Rxd8 24. Rxd8+ Kh7 25. Qc2 Bb7 1/2-1/2

[Event "GER HS-035 email"]
[Site "GER email"]
[Date "2008.09.20"]
[Round "?"]
[White "Klug, Christian"]
[Black "Sarak, Michael"]
[Result "1/2-1/2"]
[WhiteElo "1323"]
[BlackElo "2264"]
[PlyCount "39"]
[EventDate "2008.??.??"]
[EventType "tourn (corr)"]
[EventRounds "6"]
[EventCountry "GER"]
[SourceTitle "Corr 2011"]
[Source "ChessBase"]
[SourceDate "2010.08.31"]
[SourceVersion "1"]
[SourceVersionDate "2010.08.31"]
[SourceQuality "1"]

1. e4 c6 2. c4 d5 3. exd5 cxd5 4. d4 Nf6 5. Nc3 e6 6. Nf3 Bb4 7. cxd5 Nxd5 8. Bd2 Nc6 9. Bd3 0-0 10. 0-0 Be7 11. a3 Bf6 12. Qc2 g6 13. Bh6 Re8 14. Rad1 Bd7 15. Be4 Nce7 16. Ne5 Bc6 17. Nxc6 bxc6 18. Rfe1 Nf5 19. Bxf5 exf5 20. Rxe8+ 1/2-1/2

[Event "GER HS-035 email"]
[Site "GER email"]
[Date "2008.09.20"]
[Round "?"]
[White "Klug, Christian"]
[Black "Wiese, Uwe"]
[Result "1/2-1/2"]
[WhiteElo "1323"]
[BlackElo "1992"]
[PlyCount "47"]
[EventDate "2008.??.??"]
[EventType "tourn (corr)"]
[EventRounds "6"]
[EventCountry "GER"]
[SourceTitle "Corr 2011"]
[Source "ChessBase"]
[SourceDate "2010.08.31"]
[SourceVersion "1"]
[SourceVersionDate "2010.08.31"]
[SourceQuality "1"]

1. e4 e5 2. Nf3 Nc6 3. Bb5 a6 4. Bxc6 dxc6 5. 0-0 Bg4 6. h3 Bxf3 7. Qxf3 Qf6 8. Qb3 0-0-0 9. d3 g5 10. Nd2 h5 11. Nc4 Ne7 12. Be3 Bh6 13. Na5 b6 14. Bxb6 cxb6 15. Qxb6 Kd7 16. d4 exd4 17. e5 Qe6 18. Nb7 Nc8 19. Qb4 a5 20. Qxa5 Qd5 21. Qxd5+ cxd5 22. Nxd8 Rxd8 23. Rfd1 Bg7 24. Rxd4 1/2-1/2

[Event "GER HS-035 email"]
[Site "GER email"]
[Date "2008.09.20"]
[Round "?"]
[White "Krause, Peter"]
[Black "Klug, Christian"]
[Result "1/2-1/2"]
[WhiteElo "1932"]
[BlackElo "1323"]
[PlyCount "50"]
[EventDate "2008.??.??"]
[EventType "tourn (corr)"]
[EventRounds "6"]
[EventCountry "GER"]
[SourceTitle "Corr 2011"]
[Source "ChessBase"]
[SourceDate "2010.08.31"]
[SourceVersion "1"]
[SourceVersionDate "2010.08.31"]
[SourceQuality "1"]

1. e4 e5 2. Nf3 Nc6 3. Bb5 f5 4. Nc3 fxe4 5. Nxe4 Nf6 6. Qe2 d5 7. Nxf6+ gxf6 8. d4 Bg7 9. dxe5 0-0 10. e6 Ne5 11. Bf4 c6 12. Bd3 Qd6 13. 0-0 Qxe6 14. Nd4 Qg4 15. Qd2 Nxd3 16. cxd3 Bd7 17. Rae1 Rae8 18. Ne2 Rf7 19. f3 Qh4 20. Bg3 Qg5 21. Nf4 Rxe1 22. Rxe1 h5 23. Bf2 Bh6 24. d4 h4 25. h3 Qxf4 1/2-1/2